000
00235nam a22000977a 4500
008
140109t xxu||||| |||| 00| 0 eng d
100
_a
Hazrat Data Ganj Bakhsh Hajweri
_9
603
245
_a
Kashaf al Mahjoob
300
_a
340
942
_2
ddc
_c
BK
999
_c
16866
_d
16866